000 00844cam a2200289 a 4500
001 4466449
003 ARRUPE
005 20150210143834.0
008 881027s1988 mnu b 001 0 eng
010 _a88010513
020 _a0806623667
035 _a(OCoLC)17837759
035 _a(OCoLC)ocm17837759
035 _a(NNC)4466449
040 _cDCL
041 1 _aeng
_hger
050 0 _aBS1655.3
_b.W6513 1988
090 _aBS1655.3
_b.W6513 1988
100 1 _aWolff, Hans Walter.
_915034
245 1 0 _aHaggai :
_ba commentary /
_cHans Walter Wolff ; translated by Margaret Kohl.
260 _aMinneapolis :
_bAugsburg Pub. House,
_cc1988.
300 _a128 p. ;
_c25 cm.
504 _aIncludes bibliographical references and indexes.
630 0 0 _aBible.
_pHaggai
_vCommentaries.
_915035
942 _2lcc
_cMONOGRAPH
999 _c122018
_d122018